000 00528nam a2200181Ia 4500
005 20250326124347.0
008 250326s9999 xx 000 0 und d
037 _aTextbook
040 _aFMSL
_beng
_cFMSL
041 _aeng
_2eng
084 _aX:77 L3
_qFMSL
100 _aAdelman I
_960239
245 0 _aEconomic growth and social equity in developing countries
_cAdelman I; Morris C T
260 _aUSA
_bUSA, Stanford University
_c1973
300 _a257p
942 _cTB
_hX:77 L3
999 _c1273428
_d1273428